000
00292nam a22001337a 4500
008
171215b xxu||||| |||| 00| 0 eng d
020
_a
1555210880
041
_a
eng
080
_a
721
100
_a
41
101
_a
NDE
245
_a
DECORATIVE WOODWORKING
_c
BRIDGEWATER,A
942
_2
udc
_c
BK
999
_c
39040
_d
39040